Fundamentals of English traditional syntax Giáo trình Ngữ pháp dành cho sinh viên đại học chuyên Anh Quyển 1
Based on "A Grammar of Contemporary English" by Quirk R. et al., and "A University Grammar of English" by Quirk R. & Greenbaum S.
Đã lưu trong:
| Hovedforfatter: | |
|---|---|
| Format: | Bog |
| Sprog: | Undetermined |
| Udgivet: |
H.
Đại học Quốc gia Hà Nội
2008
|
| Fag: | |
| Online adgang: | http://lrc.tdmu.edu.vn/opac/search/detail.asp?aID=2&ID=7523 |
| Tags: |
Tilføj Tag
Ingen Tags, Vær først til at tagge denne postø!
|
| Thư viện lưu trữ: | Trung tâm Học liệu Trường Đại học Thủ Dầu Một |
|---|
| LEADER | 00903nam a2200229Ia 4500 | ||
|---|---|---|---|
| 001 | TDMU_7523 | ||
| 008 | 210410s9999 xx 000 0 und d | ||
| 082 | |a 425 | ||
| 090 | |b TR121 | ||
| 100 | |a Trần, Hữu Mạnh | ||
| 245 | 0 | |a Fundamentals of English traditional syntax | |
| 245 | 0 | |b Giáo trình Ngữ pháp dành cho sinh viên đại học chuyên Anh | |
| 245 | 0 | |c Trần Hữu Mạnh | |
| 245 | 0 | |n Quyển 1 | |
| 260 | |a H. | ||
| 260 | |b Đại học Quốc gia Hà Nội | ||
| 260 | |c 2008 | ||
| 300 | |a 159 tr. | ||
| 520 | |a Based on "A Grammar of Contemporary English" by Quirk R. et al., and "A University Grammar of English" by Quirk R. & Greenbaum S. | ||
| 650 | |a Tiếng Anh |x Ngữ pháp; English |x Grammar | ||
| 856 | |u http://lrc.tdmu.edu.vn/opac/search/detail.asp?aID=2&ID=7523 | ||
| 980 | |a Trung tâm Học liệu Trường Đại học Thủ Dầu Một | ||